000 03443nam a2200325 i 4500
001 991061159832406706
005 20250616142215.0
008 240722e202405 spc|||| |||| 0|0 0 spa|
015 _aLL2024
_2bnc
017 _aDL B 4538-2024
_bBiblioteca de Catalunya
020 _a9788419456601
040 _aES-BaBC
_beng
_erda
_cES-BaBC
041 1 _aspa
_heng
100 _aBlake, Matthew
_c(Author of Anna O)
_eauthor
240 1 0 _aAnna O.
_lSpanish
245 1 0 _aAnna O
_c/ Matthew Blake ; translated from the English by Jofre Homedes Beutnagel
250 _aFirst edition
264 1 _aBarcelona :
_bSalamandra,
_c2024
300 _a446 pages ;
_c22 cm
490 1 _aBlack Salamandra
500 _aOriginal title: Anna O
520 _aWhat if your nightmares weren’t really nightmares at all? We spend an average of thirty-three years of our lives asleep. But what really happens, and what are we capable of, when we are sleeping? Anna Ogilvy was a budding twenty-five-year-old writer with a bright future. Then, one night, she stabbed two people to death with no apparent motive—and she hasn’t woken up since. Dubbed “Sleeping Beauty” by the tabloids, Anna suffers from a rare psychosomatic disorder known to neurologists as “resignation syndrome.” Dr. Benedict Prince is a forensic psychologist and an expert in the field of sleep-related homicides. His methods represent the last possible hope of solving the infamous “Anna O” case by waking Anna up so she can stand trial. But the doctor must be careful treating such a high-profile suspect—he’s got career secrets and a complicated personal life of his own. As Anna shows the first signs of stirring, Benedict knows he must determine what really happened and whether Anna should be held responsible for her crimes. Only Anna knows the truth about that night, but only Benedict knows how to discover it. And they’re both in danger from what they will discover.
520 _a¿Y si tus pesadillas no fueran solo sueños? Pasamos una media de treinta y tres años de nuestra vida durmiendo. Pero ¿qué ocurre realmente mientras dormimos? ¿De qué somos capaces en ese estado? Anna Ogilvy tenía veinticinco años, una escritora prometedora con un futuro brillante. Hasta que, una noche, apuñaló a dos personas hasta matarlas sin un motivo aparente... y desde entonces no ha vuelto a despertar. Apodada por la prensa como “La Bella Durmiente”, Anna sufre un raro trastorno psicosomático conocido como síndrome de resignación. El doctor Benedict Prince, psicólogo forense y experto en homicidios relacionados con el sueño, representa la última esperanza de resolver el infame caso “Anna O” despertándola para que pueda ser juzgada. Pero tratar a una sospechosa tan mediática no será sencillo: Benedict guarda secretos profesionales y personales que podrían arruinar su carrera. Ahora que Anna empieza a mostrar los primeros signos de consciencia, Benedict sabe que debe descubrir qué ocurrió realmente aquella noche... y si Anna es responsable de sus actos. Solo Anna conoce la verdad. Solo Benedict puede alcanzarla. Y lo que ambos descubran podría destruirlos.
650 0 _aYoung women
_vFiction
_924099
650 0 _aForensic psychology – Fiction
_925463
650 0 _aSleep disorders
_vFiction
700 _aHomedes, Jofre,
_etranslator
_925464
830 0 _aBlack Salamandra
942 _2lcc
999 _c4747
_d4747